00515nam a2200205 a 4500001001300000003000900013005001700022008004100039020001000080082001600090100001500106245003300121260004200154300000900196500003500205505002400240650001600264650001400280700001500294nice12345678IN_TiNIC20260116012138.0050524s1960 newa grp 000 0 urd  ac10000a297.82bIMA aImam Ali,  aNahjul Balagha of Hazrat Ali aNew YorkbTahrike Tarsile Quranc1960 a300p aincludes index and biblioraphy2 aBibliography, index aApologetics aShiah-Ali1 aImam Ali,